Loading...
| Fine Arts - Painting and Sculpture | 0 | 8 | 0 | 1 | 80 | 32 | 77.13 | 1 | 7 | 28.90 | 48.86 |
| Science - Biology | 0 | 8 | 1 | 2 | 75 | 39 | 69.63 | 4 | 6 | 27.84 | 52.27 |
| Science - Chemistry | 0 | 7 | 0 | 0 | 70 | 47 | 68.14 | 1 | 7 | 26.77 | 45.45 |
| History - Other | 0 | 6 | 0 | 1 | 60 | 51 | 83.00 | 2 | 3 | 18.90 | 34.09 |
| Literature - World | 0 | 5 | 0 | 0 | 50 | 11 | 81.60 | 1 | 1 | 19.06 | 28.41 |
| Religion | 0 | 4 | 1 | 1 | 35 | 69 | 96.50 | 0 | 2 | 7.51 | 21.59 |
| Mythology | 0 | 3 | 1 | 0 | 25 | 60 | 80.67 | 0 | 1 | 10.33 | 17.05 |
| History - World | 0 | 3 | 1 | 2 | 25 | 119 | 131.00 | 0 | 0 | 0.51 | 6.82 |
| Fine Arts - Classical Music | 0 | 2 | 0 | 1 | 20 | 75 | 95.00 | 0 | 0 | 4.05 | 5.68 |
| Fine Arts - Other | 0 | 2 | 0 | 0 | 20 | 119 | 120.50 | 0 | 1 | 1.64 | 12.50 |
| Philosophy | 0 | 2 | 0 | 0 | 20 | 73 | 99.00 | 0 | 1 | 3.42 | 7.95 |
| History - European | 0 | 2 | 0 | 0 | 20 | 62 | 72.50 | 0 | 2 | 8.14 | 14.77 |
| Social Science | 0 | 1 | 0 | 0 | 10 | 73 | 73.00 | 0 | 1 | 3.42 | 6.82 |
| Literature - British | 0 | 1 | 0 | 0 | 10 | 77 | 77.00 | 0 | 1 | 4.49 | 5.68 |
| Literature - European | 0 | 1 | 0 | 0 | 10 | 72 | 72.00 | 0 | 1 | 4.48 | 6.82 |
| Other Academic | 0 | 1 | 0 | 0 | 10 | 83 | 83.00 | 0 | 1 | 12.84 | 29.17 |
| Current Events | 0 | 1 | 0 | 0 | 10 | 48 | 48.00 | 0 | 0 | 31.40 | 31.25 |
| History - American | 0 | 1 | 1 | 0 | 5 | 69 | 69.00 | 0 | 1 | 3.99 | 4.55 |
| Science - Other | 0 | 1 | 1 | 0 | 5 | 25 | 25.00 | 1 | 1 | 6.86 | 9.09 |
| Popular Culture | 0 | 1 | 1 | 1 | 5 | 110 | 110.00 | 0 | 0 | 7.69 | 8.33 |